000 00875nam0a2200241 4500
001 RU\NLR\BIBL_A\011276582
005 20250626035129.0
035 _a(NLR Aleph) 011276582
090 _a10850990
_c10850990
100 _a20161123d1940 |||y0rusy50 ca
101 1 _ainh
_crus
102 _aRU
105 _ay z 000 y
200 1 _aЦхьан актах латта пьесаш
_f[пер. Б. Зязикова]
210 _aШолж-ГIала
_cНохчгIалгIпачхьалкхиздат
_d1940
215 _a59, [1] с.
_d21
327 1 _aСодерж. авт.: Н. Айсберг, Саид Мурадов, Е. Чернявский, П. Яльцев, В. Квасниций
541 1 _aОдноактные пьесы
_zrus
686 1 _aШ6(2=И)-91Р7-6
852 _aNLR
_bОНЛ
_jИнгуш./3-178
942 _cBOOK
980 _aNB